Responses for Show #8625 - Friday, April 22, 2022

Mattea Roach game 14.

Contestants

[<< previous game]

Anna Meyer, a food technologist from Seattle, Washington

Claire Dozier, a non-profit professional from Atlanta, Georgia

Mattea Roach, a tutor from Toronto, Ontario, Canada (whose 13-day cash winnings total $286,081)

[next game >>]

Jeopardy! Round responses

DRAFTING THE CONSTITUTION
1980s TV
ANIMAL, VEGETABLE, MINERAL
OLD JOB NAMES
ALL THINGS BEING EQUAL
CROSSWORD CLUES "K"
    $200 12
the president

Mattea
    $200 8
Magnum (P.I.)

Anna
    $200 6
kale

Claire
    $200 20
a miner

Claire
    $200 25
matching

Claire
    $200 1
kryptonite

Mattea
    $400 13
the Preamble

Anna
    $400 9
[Anna does not include "The".]

The A-Team

Anna
    $400 7
(Mattea: What's a herbivore?)
(Claire: What's a carnivore?)
(Anna: What's an omnivore?)
(Ken: No, I'm sorry--it's not any kind of a -vore, it's just a rodent.)
[Audience and contestant laughter]
(Ken: A vole as in [*].)

Rodentia

MatteaClaireAnna
Triple Stumper
    $1,000 21
a butcher

Claire
    $400 26
(Mattea: What is diving?)
...
(Ken: The clue said "acronymic", so we needed it right off the bat--[*], I'm afraid.)

scuba diving

Mattea
Triple Stumper
    $400 2
a keepsake

Mattea
    $600 14
the Second Amendment

Anna
    $600 10
Worf

Claire
    $600 16
(Anna: What is pearl?)
(Claire: What is opal?)

a moonstone

ClaireAnna
Triple Stumper
    $600 22
wigs

Triple Stumper
    $600 27
the Equal Rights Amendment

Mattea
    $600 3
a kachina doll

Triple Stumper
    $800 18
the Fifth Amendment

Mattea
    $800 11
Dynasty

Mattea
    $800 17
potassium

Mattea
    $800 23
a farmer

Claire
    $800 28
property taxes

Mattea
    $800 4
kippers

Mattea
    $1000 19
impeachment

Mattea
    $1000 15
(Ken: And now I feel old; Diane was played by [*].)

Shelley Long

Triple Stumper
    $1000 30
a macaque

Mattea
    $1000 24
(Claire: What is a hawker?)
(Anna: What is a peddler?)
(Mattea: What is a haberdasher?)

a duffer

MatteaClaireAnna
Triple Stumper
    $1000 29
(Mattea: What's -32?)
(Claire: What is zero?)
...
(Ken: Anna doesn't seem like she's doing the math. [Laughs])

-40

MatteaClaire
Triple Stumper
    $1000 5
Kyushu

Mattea

Scores at the first commercial break (after clue 15):

Mattea Claire Anna
$3,000 $400 $1,200

Scores at the end of the Jeopardy! Round:

Mattea Claire Anna
$5,600 $0 -$400

Double Jeopardy! Round responses

FLAGS OF FORMER COUNTRIES
FIRSTS
MEMORABLE MOVIE MELODIES
(Ken: You'll name the film.)
FRENCH WORDS IN ENGLISH
WHINE
CHEESE
    $400 3
Hawaii

Anna
    $400 19
an aircraft carrier

Mattea
    $400 9
(Mattea: What is Moulin Rouge!?)

O Brother, Where Art Thou?

MatteaClaire
    $400 14
premiere

Mattea
    $400 24
(Mattea: Who's [*]? No.)
(Ken: Hmmm, actually yes.)
(Mattea: Oh, really?)
(Ken: Nobody's more tormented than [*] and I'm gonna give it to you even though you had no faith in yourself.)

the Hamlet

Mattea
    $400 1
Swiss

Anna
    $800 5
East Germany

Mattea
    $800 20
an appendectomy

Triple Stumper
    $800 10
The Lego Movie

Anna
    $800 15
naïveté

Claire
    $800 25
Holden Caulfield

Anna
    $800 2
Greece

Mattea
    $1200 6
Buddhism

Mattea
    $2,000 21
(Ken: Now you have vocally regretted small wagers in the past. What will you do right now?)
(Mattea: I'm gonna continue not learning from my mistakes and wager $2,000, just to be safe.)
(Ken: That's what life's all about; don't learn from your mistakes.)
[Laughter]
...
(Ken: Even a Canadian connection for you.)

Alexander Graham Bell

Mattea
    $1200 11
(Ken: Game show classic, yes.)

Slumdog Millionaire

Anna
    $1200 16
a given

Mattea
    $3,200 26
(Anna: What is Leviticus?)

Lamentations

Anna
    $1200 4
cheese curds

Mattea
    $1600 7
South Vietnam

Mattea
    $1600 22
the Northwest Passage

Mattea
    $1600 12
Moulin Rouge!

Claire
    $1600 17
papier-mâché

Mattea
    $1600 28
Veruca Salt

Anna
    $1600 27
brie

Mattea
    $2000 8
Yugoslavia

Mattea
    $2000 23
St. Petersburg

Triple Stumper
    $2000 13
An Inconvenient Truth

Mattea
    $2000 18
panache

Mattea
    $2000 30
(Ken: From A Confederacy of Dunces, that's [*].)

Ignatius J. Reilly

Triple Stumper
    $2000 29
mascarpone

Triple Stumper

Scores at the end of the Double Jeopardy! Round:

Mattea Claire Anna
$26,000 $2,800 $1,600
(lock game)

[wagering suggestions for these scores]

Final Jeopardy! Round responses

HISTORIC NAMES
(Claire: Everyone's related to Genghis Khan.)
[Laughter]
(Ken: They are, including Anne of York's two descendants, I assume.)
...
(Ken: [To Mattea] [*]'s body was discovered under a car park in Leicester a few years ago, where apparently he'd spent a few centuries.)
AnnaWho is Henry VIII
$1,600
ClaireWho is Genghis Khan?
$401
MatteaWho is Richard III?
$8,000
Richard III

Final scores:

Mattea Claire Anna
$34,000 $2,399 $0
14-day champion: $320,081 2nd place: $2,000 3rd place: $1,000

Game dynamics:

Coryat scores:

Mattea Claire Anna
$25,200 $2,200 $4,800
28 R
(including 1 DD),
5 W
9 R
(including 1 DD),
4 W
10 R,
4 W
(including 1 DD)

Combined Coryat: $32,200

[game clues] [game scores] [suggest correction]

Game tape date: 2022-02-09
The J! Archive is created by fans, for fans. Scraping, republication, monetization, and malicious use prohibited; this site may use cookies and collect identifying information. See terms. The Jeopardy! game show and all elements thereof, including but not limited to copyright and trademark thereto, are the property of Jeopardy Productions, Inc. and are protected under law. This website is not affiliated with, sponsored by, or operated by Jeopardy Productions, Inc. Join the discussion at JBoard.tv.